000 00258nam a22001097a 4500
008 170120b xxu||||| |||| 00| 0 eng d
020 _a9780132239387
041 _aeng
080 _a618.2
245 _aPATIENT-FOCUSED ASSESMENT
_cMANSEN, TH.J
942 _2udc
_cBK
999 _c3226
_d3226